000 00510nam a2200181Ia 4500
008 220531s9999 xx 000 0 und d
041 _amar
100 _aकुलकर्णी म. आणि इतर
_963212
245 _aविपणन व्‍यवस्‍थापन
250 _a1ST
260 _aPune
_bNirali
_c2014
300 _a8.14
542 _d27-08-2014
551 _aCommerce
_bGrantebal-C
650 _aMarketing
_963213
906 _d2014-2015
_f953
999 _c35920
_d35920